[Event "Staunton Memorial 1"]
[Site "London"]
[Date "2003.08.25"]
[Round "1"]
[White "Speelman, Jonathan"]
[Black "King, Daniel"]
[Result "1-0"]
[WhiteElo "2589"]
[BlackElo "2503"]
[Annotator "JvR"]
[PlyCount "89"]
[EventDate "2003.08.25"]
[SourceDate "1999.07.01"]

{Samuel Reis's Cigar Divan was opened in 1828. Its name became Simpson's Grand
Divan Tavern in 1848. The 175th anniversary was celebrated in August 2003.
Four Englishmen played double rounds. The event was named after Howard
Staunton, the strongest chess player during the 1840s.} 1. Nf3 e6 2. g3 b6 3.
Bg2 Bb7 4. O-O Nf6 5. c4 Be7 6. Nc3 O-O 7. Re1 d5 8. cxd5 exd5 9. d4 Na6 10.
Bf4 c5 11. Rc1 Ne4 12. a3 Bf6 13. Be5 Re8 14. e3 cxd4 $5 15. Bxf6 Qxf6 16. exd4
Rac8 $6 ({Preferable is} 16... Qf5) 17. Nxe4 $1 dxe4 18. Rxc8 $1 Rxc8 19. Ne5
Qf5 20. Qb1 {White pressures on pawn e4.} g6 $6 (20... Nc7 $1 21. Bxe4 Bxe4 22.
Qxe4 Qxe4 23. Rxe4 Nd5 {blockades the extra pawn.}) 21. Bxe4 Bxe4 22. Rxe4 Nc7
23. Nc6 $1 Nd5 24. Nxa7 Ra8 25. Nc6 Rc8 26. Nb4 $6 (26. Ne5 {
keeps the advantage.}) 26... Nf6 $2 (26... Nxb4 $1 27. axb4 Qd5 {
reduces the disadvantage (Ftacnik).}) 27. Re1 Qh3 28. f3 $1 Nh5 29. Qe4 Nxg3
30. Qg4 $5 Ne2+ $5 31. Rxe2 Rc1+ 32. Kf2 Qf1+ 33. Ke3 h5 34. Qg3 $5 Qd1 35. Nd3
Rc8 36. Qe5 Qg1+ 37. Kd2 Rd8 38. Qe3 Qb1 39. Re1 Qa2 40. Qe7 Rxd4 41. Qe8+ Kh7
42. Re7 Kg7 43. Ke3 Rh4 44. Re4 Rh3 45. Qd7 $1 {
This win became decisive in the tournament.} ({The pointe is} 45. Qd7 Rxh2 46.
Qd4+ Kf8 47. Qh8#) 1-0

[Event "Staunton Memorial 1"]
[Site "London"]
[Date "2003.08.26"]
[Round "2"]
[White "Howell, David"]
[Black "Speelman, Jonathan"]
[Result "0-1"]
[WhiteElo "2323"]
[BlackElo "2589"]
[Annotator "JvR"]
[PlyCount "106"]
[EventDate "2003.08.25"]
[SourceDate "1999.07.01"]

1. e4 g6 2. d4 Bg7 3. Nc3 d6 4. f4 Nf6 5. a3 O-O 6. Nf3 Na6 7. Be3 c5 8. Bxa6
cxd4 9. Bxd4 bxa6 10. O-O $5 Bb7 11. Qe2 Nh5 12. Qd2 $5 Bh6 13. Be3 Nf6 14. f5
Qb6 $1 15. Bxb6 $6 ({Preferable is} 15. Nd4 Bxe3+ 16. Qxe3) 15... Bxd2 16. Nxd2
axb6 {Black has a pleasant endgame.} 17. Rae1 Rfc8 18. e5 $5 dxe5 19. Rxe5 Rc7
20. Rfe1 Kf8 21. h3 Rd8 22. Nf1 Nh5 $5 23. fxg6 hxg6 24. g3 $2 {
He weakens his pawn structure.} Ng7 $1 25. R5e2 Nf5 26. Rf2 Rd6 $5 27. g4 Nd4
28. Re3 Rf6 $1 29. Rxf6 exf6 30. Rd3 Nxc2 {Black has gained a pawn.} 31. Kf2 b5
32. Ne3 Nxe3 33. Kxe3 Ke7 34. Rd4 Ke6 35. Rd8 $5 (35. a4 bxa4 36. Nxa4 Ke5 {
also favours Black.}) 35... f5 $1 36. g5 Rc4 37. Rd4 $6 (37. Ne2 Ke7 38. Rb8
Bd5 39. Nc3 {offers more resistance.}) 37... Rxd4 38. Kxd4 f4 39. Ne4 Ba8 $5
40. h4 Kf5 41. Nf2 (41. Nf6 a5 42. Kd3 b4 43. axb4 axb4 44. Ke2 Be4 {
wins for Black.}) 41... f3 42. Ke3 a5 43. Nd3 Kg4 44. Nf2+ Kxh4 45. Kf4 Bb7 $1
46. Nd3 Kh3 47. Ke3 Kg3 48. Nf2 Bd5 49. b4 axb4 50. axb4 Ba8 $1 51. Nd3 Bb7 52.
Kd2 $5 f2 53. Ke2 Bf3+ $1 {Speelman scored his second win in a row.} 0-1

[Event "Staunton Memorial 1"]
[Site "London"]
[Date "2003.08.27"]
[Round "3"]
[White "King, Daniel"]
[Black "Howell, David"]
[Result "1-0"]
[WhiteElo "2503"]
[BlackElo "2323"]
[Annotator "JvR"]
[PlyCount "49"]
[EventDate "2003.08.25"]
[SourceDate "1999.07.01"]

1. e4 e5 2. Nf3 Nc6 3. Bb5 a6 4. Ba4 Nf6 5. O-O Be7 6. Re1 b5 7. Bb3 O-O 8. a4
Bb7 9. d3 d6 10. Nbd2 Re8 11. Nf1 Bf8 12. Bd2 g6 13. c4 b4 14. a5 Rb8 15. Ba4
Nd7 16. Ne3 Bh6 17. Nd5 Bxd2 18. Qxd2 Nc5 $2 {
Howell blunders in a poor position.} (18... Kg7 {
brought a plus for White in Grischuk - Sulskin, Moscow 2002.}) 19. Qh6 $1 f6
20. Nh4 $1 Nxa4 $2 (20... Rf8 21. Nxg6 $1 Rf7 22. Re3 hxg6 23. Rg3 Rg7 24. Rxg6
Rxg6 25. Qxg6+ Kf8 26. Nxf6 {also wins for White.}) 21. Nf5 $1 gxf5 22. Re3 $1
Nd4 ({Or} 22... f4 23. Rh3 $1) 23. Rg3+ $1 Kf7 24. Rg7+ Ke6 25. Qxf6+ $1 {
King attacked wonderfully.} ({The pointe is} 25. Qxf6+ Qxf6 26. Nxc7#) 1-0

[Event "Staunton Memorial 1"]
[Site "London"]
[Date "2003.08.30"]
[Round "5"]
[White "Speelman, Jonathan"]
[Black "Howell, David"]
[Result "1-0"]
[WhiteElo "2589"]
[BlackElo "2323"]
[Annotator "JvR"]
[PlyCount "81"]
[EventDate "2003.08.25"]
[SourceDate "1999.07.01"]

1. Nf3 Nf6 2. d4 g6 3. Bg5 Bg7 4. Nbd2 O-O 5. c3 d6 6. e3 Qe8 7. Be2 e5 8. O-O
Nbd7 9. a4 h6 10. Bh4 Nh7 11. e4 $5 Bf6 $5 12. Bg3 $1 Qe7 13. Re1 h5 14. h4 Re8
15. a5 a6 16. Nc4 Nhf8 17. Qd2 Ne6 18. Rad1 Bg7 19. Bf1 f6 $6 ({Preferable is} 
19... Nd8 $5 20. b4 Nc6) 20. b4 Kh7 {Black has a passive game.} 21. Ne3 Bh6 22.
Qc2 Ndf8 23. Nd5 Qg7 24. dxe5 dxe5 25. c4 {White controls more territory.} Nd8
$5 26. Nd2 Nfe6 27. Nb3 Nc6 {The black knights have been activated.} 28. Qc3
Rd8 $5 29. b5 $1 Ncd4 $2 {He should withdraw.} ({Correct is} 29... Nb8) 30.
Nxd4 Nxd4 31. Rxd4 $1 {An elegant positional sacrifice decides the game.} exd4
32. Qxd4 Kh8 ({The pointe is} 32... Be6 33. Nxf6+ $1 Kh8 {(Hazai)} 34. Qa1 $1)
33. Qb2 axb5 34. cxb5 Qf7 35. Ra1 Rxd5 $5 (35... Bg4 36. a6 bxa6 37. bxa6 Ra7
38. Nxf6 Bg7 39. Be5 {also wins for White.}) 36. exd5 Qxd5 37. Qxf6+ $1 Bg7 38.
Qxg6 Bxa1 39. Bd3 Qd7 40. Qh6+ Kg8 41. Bc4+ {
The final standings became: Speelman 41/2/6, King 31/2, Emms 3, Howell 1.} 1-0

[Event "Staunton Memorial 2"]
[Site "London"]
[Date "2004.08.23"]
[Round "1"]
[White "Levitt, Jonathan"]
[Black "King, Daniel"]
[Result "0-1"]
[WhiteElo "2432"]
[BlackElo "2512"]
[Annotator "JvR"]
[PlyCount "86"]
[EventDate "2004.08.23"]
[SourceDate "1999.07.01"]

{The second Staunton Memorial was played from 23 until 29 viii 2004 at
Simpson's-in-the-Strand in London. Again four participants carried out double
rounds.} 1. d4 e6 2. c4 d5 3. Nc3 Be7 4. Nf3 Nf6 5. Bg5 Nbd7 6. e3 h6 7. Bf4
O-O 8. Bd3 dxc4 9. Bxc4 a6 10. O-O c5 11. Bb3 b5 12. d5 $1 ({Known is} 12. Ne5)
12... exd5 13. Nxd5 Nxd5 14. Qxd5 Ra7 15. a4 Qb6 16. a5 $6 {
Pawn a5 becomes weak.} (16. axb5 axb5 17. Rxa7 Qxa7 18. Qc6 {
keeps the initiative.}) 16... Qg6 17. Rfc1 $6 ({Better is} 17. Qd2) 17... Bb7
$1 18. Qxd7 Bxf3 19. Qh3 Be4 20. f3 Bf5 21. Qg3 Qxg3 22. Bxg3 c4 23. Bc2 $2 (
23. e4 Be6 24. Bc2 {avoids an unfavourable exchange.}) 23... Bxc2 24. Rxc2 Rd8
{Black has a better endgame due to the pawn majority on the queenside.} 25. Kf1
Rd3 26. e4 Rad7 27. Ke2 Bb4 28. Be1 Bxe1 29. Rxe1 Kf8 30. Kf2 Ke7 31. Re3 Rxe3
32. Kxe3 {White has problems in the rook ending.} Rd3+ 33. Ke2 Kd6 {
Black threatens to gain pawn a5 in a few moves.} 34. Rc3 $5 Rxc3 35. bxc3 Kc5
36. f4 b4 37. cxb4+ Kxb4 38. e5 Kxa5 39. Kd2 ({The pointe is} 39. f5 Kb6 40. e6
fxe6 41. fxe6 Kc6 {and Black wins.}) 39... Kb4 40. g4 Kc5 41. h4 Kd4 42. h5 Ke4
43. g5 hxg5 {King wins the pawn ending.} 0-1

[Event "Staunton Memorial 2"]
[Site "London"]
[Date "2004.08.24"]
[Round "2"]
[White "Houska, Jovanka"]
[Black "Levitt, Jonathan"]
[Result "0-1"]
[WhiteElo "2375"]
[BlackElo "2432"]
[Annotator "JvR"]
[PlyCount "124"]
[EventDate "2004.08.23"]
[SourceDate "1999.07.01"]

1. e4 e6 2. b3 d5 3. Bb2 Nf6 4. e5 Nfd7 5. Qg4 c5 6. f4 Nc6 7. Nf3 g6 8. Be2 h5
$5 ({Usual is} 8... Bg7) 9. Qg3 Bh6 10. O-O Ne7 11. Nh4 Nf8 12. d4 Qc7 13. Na3
Bd7 14. c4 Qa5 15. Rac1 cxd4 16. Rfd1 Bc6 $5 17. Rxd4 Rd8 18. Kh1 Rg8 19. Rf1
a6 20. Nc2 $5 dxc4 ({Not} 20... Qxa2 $2 21. Qc3 $1) 21. Rxd8+ Kxd8 22. bxc4 Nd7
23. Rd1 Kc8 24. Ba3 Re8 25. Qe3 Qb6 26. Nd4 Bf8 27. Bd6 Ba4 28. Rc1 Nc6 29. c5
Qb2 30. Nxc6 Bxc6 31. a3 Bxd6 32. cxd6 Kb8 33. Bf3 {White has an edge.} Rc8 34.
h3 $6 (34. Bxc6 $1 Rxc6 35. Rxc6 bxc6 36. Nf3 {keeps an advantage.}) 34... g5
$1 35. fxg5 Qxe5 36. Qxe5 Nxe5 37. Bxc6 $6 {The exchange favours Black.} Rxc6
38. Re1 Rc5 39. Rf1 b5 40. g6 fxg6 41. Rf8+ Rc8 42. Rf6 Rd8 43. Rxe6 Nc4 $1 44.
Nxg6 Rxd6 45. Rxd6 Nxd6 {Black has a better knight ending.} 46. g4 hxg4 47. h4
$2 (47. hxg4) 47... Nf5 {Black has an extra pawn.} 48. Kg2 Kc7 49. h5 Kd6 50.
Nf4 a5 51. Nd3 Kd5 52. Nf2 b4 $1 53. axb4 axb4 54. Kf1 ({The pointe is} 54.
Nxg4 b3 55. h6 b2 56. h7 Nh4+ 57. Kg3 Ng6) 54... b3 55. Ke2 Kd4 56. Kd2 g3 57.
Nh3 g2 58. Ng1 Ke5 59. Kc3 Nd4 60. Nh3 Kf6 61. h6 Kf7 $1 ({The last trap is} 
61... Kg6 $4 62. Nf4+) 62. Kb2 Kg8 {Levitt won an uneven game.} 0-1

[Event "Staunton Memorial 2"]
[Site "London"]
[Date "2004.08.25"]
[Round "3"]
[White "King, Daniel"]
[Black "Houska, Jovanka"]
[Result "1/2-1/2"]
[WhiteElo "2512"]
[BlackElo "2375"]
[Annotator "JvR"]
[PlyCount "81"]
[EventDate "2004.08.23"]
[SourceDate "1999.07.01"]

1. e4 c6 2. d4 d5 3. exd5 cxd5 4. Bd3 Nc6 5. c3 Nf6 6. Bf4 Bg4 7. Qb3 Qc8 8.
Nd2 e6 9. Ngf3 Be7 10. O-O O-O 11. Rae1 Bh5 12. Ne5 Nxe5 13. dxe5 Nd7 14. c4 $5
({Usual is} 14. Qc2 Bg6 15. Bxg6 hxg6) 14... h6 $2 ({Preferable is} 14... Nc5
$1 15. Bxh7+ $1 Kxh7 16. Qh3 g6 $1 17. g4 {(Dautov)} Qd8) 15. Bb1 $1 Bg6 16.
cxd5 Bxb1 17. Rxb1 exd5 18. Qxd5 {White has gained a pawn.} Nc5 19. Ne4 Qf5 $5
20. Nxc5 Bxc5 21. Bg3 b6 22. Rbd1 a5 23. Rd3 a4 24. Rfd1 Ra5 25. Qc6 Kh7 26. h4
Ra7 27. Qd5 Re8 28. Rf3 Qg4 29. Kh2 Kg8 30. Rdd3 Qg6 31. Qc4 Qc6 32. Qg4 Rae7
33. h5 Kh8 34. Bf4 Qe4 35. Rg3 Rg8 36. Rd8 Qh7 $2 ({Right is} 36... f5 $1 37.
exf6 Rxd8 38. fxe7 Qxe7) 37. Rgd3 $6 (37. Rxg8+ Qxg8 38. Bxh6 {wins at once.})
37... Ree8 38. Rxe8 Rxe8 39. Rd7 Kg8 40. f3 $4 (40. e6 $1 Rxe6 41. Rd8+ Bf8 42.
Bd2 {wins for White.}) 40... Qb1 {Black delivers perpetual check.} 41. Bxh6 {
This was Houska's only positive score.} 1/2-1/2

[Event "Staunton Memorial 2"]
[Site "London"]
[Date "2004.08.27"]
[Round "4"]
[White "Speelman, Jonathan"]
[Black "Houska, Jovanka"]
[Result "1-0"]
[WhiteElo "2555"]
[BlackElo "2375"]
[Annotator "JvR"]
[PlyCount "93"]
[EventDate "2004.08.23"]
[SourceDate "1999.07.01"]

1. e4 c6 2. d4 d5 3. f3 g6 4. Nc3 Bg7 5. Be3 Qb6 6. Qd2 Qxb2 7. Rb1 Qa3 8. exd5
Qa5 $5 ({Theory is} 8... Nf6) 9. dxc6 bxc6 $5 (9... Nxc6 $6 10. Nb5 Qxd2+ 11.
Kxd2 Kd8 12. d5 {favours White.}) 10. Bc4 $1 Nd7 11. Nge2 Nb6 12. Bb3 Nf6 13.
Na4 Qxd2+ 14. Bxd2 O-O 15. Kf2 Rd8 16. Ba5 Nfd7 17. c4 Ba6 18. c5 Bxe2 $6 (
18... Nxa4 $1 19. Bxd8 $5 Nc3 $1 20. Nxc3 Bxd4+ 21. Kg3 Rxd8 22. Ne4 Nxc5 23.
Nxc5 Bxc5 {brings equality.}) 19. Kxe2 Nxa4 20. Bxa4 Rdc8 21. d5 $1 Nxc5 22.
Bxc6 Rab8 23. Bb4 Ne6 24. Bxe7 Rxb1 $6 (24... Nd4+ $1 25. Kd3 Nxc6 26. dxc6 Bb2
{regains the pawn.}) 25. Rxb1 Nd4+ 26. Kd3 Nxc6 27. dxc6 Be5 $2 (27... Bf8 $1
28. Bxf8 Kxf8 29. Rb7 Rxc6 30. Rxa7 {
leads to a better rook endgame for White (Lukacs).}) 28. Rc1 Bxh2 29. Kd4 Bc7
30. Kc5 Re8 31. Bd6 Bb6+ 32. Kb5 Re2 33. a4 Rxg2 34. c7 Rg5+ 35. Kc6 Bxc7 36.
Bxc7 Rf5 37. a5 Rxf3 38. Kb7 Ra3 39. a6 f5 40. Kxa7 Kf7 41. Kb7 g5 42. Rc6 f4
43. a7 f3 44. a8=Q Rxa8 45. Kxa8 h5 46. Rc3 g4 47. Bg3 {The final standings
became: King and Speelman 4/6, Levitt 31/2, Houska 1/2. King got the trophy on
tie-break.} 1-0

[Event "Staunton Memorial 3"]
[Site "London"]
[Date "2005.08.20"]
[Round "2"]
[White "Day, Lawrence"]
[Black "Levitt, Jonathan"]
[Result "1-0"]
[WhiteElo "2270"]
[BlackElo "2441"]
[Annotator "JvR"]
[PlyCount "139"]
[EventDate "2005.08.19"]
[SourceDate "1999.07.01"]

{The third Staunton Memorial was played in London from 19 until 30 viii 2005.
Six participants carried out double rounds.} 1. e4 e6 2. d3 c5 3. Nf3 Nc6 4. g3
g6 5. Bg2 Bg7 6. O-O Nge7 7. Re1 e5 8. c3 O-O 9. a3 d6 10. b4 b6 11. b5 Na5 12.
c4 h6 13. Nfd2 $5 a6 14. a4 Ra7 15. Nc3 f5 16. Rb1 f4 $1 17. Nd5 axb5 18. axb5
g5 19. Bf3 Ng6 20. Bg4 Raf7 $2 21. Bxc8 Qxc8 22. Qh5 $1 (22. Nxb6 $2 Qh3 $1 {
gains a sufficient compensation for the pawn.}) 22... Qe6 23. f3 $6 {
Pawn b6 could be captured.} Rb8 24. Bb2 Ra7 25. Bc3 Ne7 26. Ra1 Nxd5 27. exd5
Qf7 28. Qxf7+ Rxf7 29. g4 $6 (29. Bxa5 e4 30. Nxe4 Bxa1 31. Rxa1 bxa5 32. Nxd6
{wins for White.}) 29... Nb7 30. Ra6 Nd8 31. Rea1 Rfb7 32. Ra8 Bf8 33. Ne4 Be7
34. Be1 Kf7 35. R1a6 Ke8 36. Nc3 Kd7 37. Na4 $2 (37. Rxb8 Rxb8 38. Na4 {
gains a pawn.}) 37... Rxa8 38. Rxa8 Kc7 $2 (38... Nf7 $1 39. Kg2 Bd8 {
defends the fortress.}) 39. Ra6 e4 40. dxe4 Bf6 41. Nxb6 $1 {
He wins a pawn at last.} Nf7 42. Ba5 Bd4+ 43. Kg2 Ne5 44. Ra8 Rxb6 45. Ra7+ Kb8
46. Bxb6 Nxc4 47. Ra6 Kb7 48. Ba5 Ne3+ 49. Kh1 Be5 50. Rb6+ Ka7 51. Rc6 Nc4 52.
Bc7 Kb7 53. Kg1 Ka7 54. Kf1 Kb7 55. Ke2 Ka7 56. h3 Kb7 57. Kd3 Nb2+ 58. Kd2
Nc4+ 59. Kc2 Ka7 60. Ra6+ Kb7 61. Ba5 Ne3+ 62. Kb3 c4+ 63. Ka4 Nc2 64. Rc6 Nd4
65. Rc7+ Kb8 66. b6 Nxf3 67. Kb5 Nd4+ 68. Ka6 Nb3 69. b7 Nc5+ 70. Rxc5 {
Levitt lost to an outsider.} 1-0

[Event "Staunton Memorial 3"]
[Site "London"]
[Date "2005.08.20"]
[Round "2"]
[White "Houska, Jovanka"]
[Black "Speelman, Jonathan"]
[Result "1-0"]
[WhiteElo "2342"]
[BlackElo "2549"]
[Annotator "JvR"]
[PlyCount "125"]
[EventDate "2005.08.19"]
[SourceDate "1999.07.01"]

1. e4 c6 2. d4 d5 3. Nc3 g6 4. h3 dxe4 5. Nxe4 Nd7 6. Nf3 Ngf6 7. Bd3 Nxe4 8.
Bxe4 Bg7 9. O-O O-O 10. Re1 c5 11. c3 cxd4 12. Nxd4 Nc5 13. Bc2 e5 14. Nb3 Qc7
15. Nxc5 Qxc5 16. Be3 Qc7 17. Bb3 b6 $5 18. Bd5 Bb7 19. Bxb7 Qxb7 {
The chances are about equal.} 20. Qb3 Kh8 21. Rad1 f5 22. Rd5 Rad8 23. Red1 Qe7
24. f3 h6 25. a4 Rfe8 26. Qb5 e4 27. Rxd8 Rxd8 28. Rxd8+ Qxd8 29. fxe4 fxe4 30.
Kf2 Kh7 31. Ke2 Qd6 $5 32. Qc4 Qe5 $2 ({Right is the retreat} 32... Qe7) 33.
Qf7 $1 {White threatens Bd4.} Qh5+ 34. Kd2 $1 Kh8 35. Qxa7 Qd5+ 36. Kc1 $1 Qd3
37. Qxb6 {He has gained two pawns.} Qf1+ 38. Kc2 Qd3+ 39. Kb3 Qd1+ 40. Kb4 Bf8+
41. Bc5 Bxc5+ 42. Qxc5 Qe2 43. b3 e3 44. a5 $5 Qd3 45. Qf8+ Kh7 46. Qe7+ Kh8
47. a6 $5 Qxa6 48. Qxe3 Qb7+ 49. Kc4 Qxg2 50. Qxh6+ Kg8 51. Qe3 Qc6+ 52. Qc5
Qa6+ 53. Kb4 Qb7+ 54. Qb5 Qe7+ 55. Ka5 Qc7+ 56. Ka6 Qc8+ 57. Ka7 $1 Qxh3 ({
The pointe is} 57... Qc7+ 58. Ka8 $1) 58. c4 Qe3+ 59. c5 g5 60. b4 Kg7 61. Qb7+
Kg6 62. Qb6+ Kh5 63. c6 {Jovanka Houska defeated a strong grandmaster after
many poor results in the Staunton Memorial.} 1-0

[Event "Staunton Memorial 3"]
[Site "London"]
[Date "2005.08.21"]
[Round "3"]
[White "Speelman, Jonathan"]
[Black "Day, Lawrence"]
[Result "1-0"]
[WhiteElo "2549"]
[BlackElo "2270"]
[Annotator "JvR"]
[PlyCount "53"]
[EventDate "2005.08.19"]
[SourceDate "1999.07.01"]

1. d4 d6 2. g3 Nf6 3. Bg2 c6 4. e4 Nbd7 5. Ne2 g6 6. O-O Bg7 7. a4 O-O 8. a5 e5
9. Nbc3 exd4 10. Nxd4 Re8 11. h3 Nc5 12. Re1 d5 13. exd5 Rxe1+ 14. Qxe1 Nxd5
15. Nxd5 cxd5 16. Be3 Ne4 $6 17. c4 $1 {White takes an advantage by a novelty.}
Nf6 18. Rd1 Be6 $2 ({The pointe is} 18... dxc4 19. Nc6 $1) 19. cxd5 $1 Bd7 (
19... Nxd5 20. Ne2 Bxb2 21. Bxd5 Bxd5 22. Nf4 {costs material.}) 20. Ne6 $1
fxe6 21. dxe6 Qe7 22. exd7 Rd8 23. Bxb7 Rxd7 24. Rxd7 Nxd7 25. Qd2 Ne5 26. Qd5+
Kh8 27. Bxa7 {Speelman has gained three pawns.} 1-0

[Event "Staunton Memorial 3"]
[Site "London"]
[Date "2005.08.22"]
[Round "4"]
[White "Day, Lawrence"]
[Black "Howell, David"]
[Result "0-1"]
[WhiteElo "2270"]
[BlackElo "2471"]
[Annotator "JvR"]
[PlyCount "196"]
[EventDate "2005.08.19"]
[SourceDate "1999.07.01"]

1. Nf3 Nf6 2. d4 g6 3. Bg5 Bg7 4. Nbd2 d6 5. c3 Nbd7 6. e3 O-O 7. Be2 h6 8. Bh4
e5 9. dxe5 dxe5 10. Qc2 b6 $5 11. Nc4 Qe8 12. Nfd2 Nc5 13. e4 Bb7 14. f3 Ne6
15. Bf2 Nd7 16. O-O f5 17. exf5 gxf5 18. Rfe1 Qg6 19. Bg3 Ng5 20. Kh1 Rae8 21.
Ne3 Kh8 22. Rad1 Bc6 23. Bc4 Nc5 24. b4 Ba4 25. Nb3 Nce6 26. b5 Nc5 27. Nd5 c6
28. bxc6 Qxc6 29. Nb4 Qg6 30. Bf2 Rc8 {Little has happened in the game, so far.
} 31. Bd5 $2 ({Better is} 31. Nd5) 31... e4 $1 32. c4 $2 (32. f4 Nge6 33. Bxe6
Nxe6 34. Nd5 {avoids the loss of material.}) 32... a5 $1 33. h4 Nh7 34. fxe4
axb4 35. exf5 Bxb3 36. axb3 Qxf5 37. Qxf5 Rxf5 38. Bxc5 Rxc5 {
Black has gained a piece for a pawn.} 39. Re7 Nf8 $6 40. Rb7 $1 Rf4 $6 41. g3
Rf2 $5 42. Rxb6 Ra5 43. Rxb4 {White has regained matter.} Be5 $1 44. Ra4 Rxa4
45. bxa4 Bxg3 46. Rd4 $5 Rh2+ 47. Kg1 Rxh4 48. Rxh4 Bxh4 {
Black awaits a lengthy ending.} 49. a5 Bd8 50. a6 Bb6+ 51. Kg2 Kg7 52. Kf3 Nd7
53. Kf4 Nc5 54. Bb7 Kf6 55. Kg4 Kg6 56. Bc8 h5+ 57. Kh4 Nb3 58. Kg3 $5 Kg5 59.
Kf3 Nd2+ 60. Ke2 Nxc4 61. Kf3 h4 62. Be6 Ne5+ 63. Kg2 Nc6 64. Bd5 Ne7 65. Bf7
Kf6 66. Bc4 Ng6 67. Bb5 Nf4+ 68. Kh2 Ke5 69. Bc6 Kd4 70. Bd7 Ke3 71. Bc6 Kf2
72. Bb5 Ba7 73. Bc6 Ke3 74. Bb5 Kd2 75. Bc6 Bf2 76. Bd7 Kc3 77. Bc8 Kb4 78. Bh3
Ka5 79. Bf1 Kb6 {Now, the king stops the a-pawn.} 80. Kh1 Bg3 81. Kg1 Ne6 82.
Kg2 Ng5 83. Bd3 Be5 {Black threatens ..h3+.} 84. Bf5 Kxa6 85. Bg4 Kb5 86. Bf5
Kc4 87. Bc8 Kd4 88. Bd7 Ke3 89. Bc8 Bg3 90. Kf1 Kf3 91. Bb7+ Kf4 92. Bc8 h3 $1
93. Bb7 Bh4 94. Kg1 Kg3 95. Kh1 h2 $1 96. Bg2 Ne6 {
The knight has not been exchanged and delivers the final blow.} 97. Be4 Nf4 98.
Bf5 Bd8 {Howell delivers mate in two.} 0-1

[Event "Staunton Memorial 3"]
[Site "London"]
[Date "2005.08.26"]
[Round "7"]
[White "Levitt, Jonathan"]
[Black "Day, Lawrence"]
[Result "1-0"]
[WhiteElo "2441"]
[BlackElo "2270"]
[Annotator "JvR"]
[PlyCount "77"]
[EventDate "2005.08.19"]
[SourceDate "1999.07.01"]

1. d4 Nf6 2. c4 d6 3. Nc3 Bf5 4. f3 e5 5. e4 exd4 6. Qxd4 Nc6 7. Qd2 Be6 8. b3
Be7 9. Bb2 O-O 10. Nge2 Nd7 11. g3 $5 ({Usual is} 11. Nd5) 11... Bf6 12. Bg2
Nc5 13. O-O a5 14. Nd5 Bxb2 15. Qxb2 Ne5 16. Qd4 f6 17. f4 Nc6 18. Qd2 Re8 19.
Rfe1 Qd7 20. Nec3 Kh8 21. Re3 Ne7 22. Rae1 {
White wants to attack in the centre.} Nxd5 23. cxd5 $5 Bf7 24. h4 Bh5 25. Kh2
Bg4 26. Qd4 b6 27. Bf1 Qf7 28. Nb5 Re7 29. Bg2 Qh5 $2 (29... h5 $1 {
(protects the bishop in the right way)} 30. e5 fxe5 31. fxe5 dxe5 32. Rxe5 Rxe5
33. Qxe5 Rc8 {defends well.}) 30. e5 $1 fxe5 31. fxe5 Rf8 ({The pointe is} 
31... dxe5 32. Rxe5 Rxe5 33. Rxe5 Bf5 34. d6 {and White wins.}) 32. exd6 Rxe3
33. Rxe3 cxd6 34. Nxd6 Nd7 35. Re7 Qg6 36. Nc4 Nf6 37. Ne5 Qf5 38. d6 $1 Bh5
39. d7 $1 {Levitt triumphed in the centre.} 1-0

[Event "Staunton Memorial 3"]
[Site "London"]
[Date "2005.08.26"]
[Round "7"]
[White "McNab, Colin"]
[Black "Howell, David"]
[Result "1-0"]
[WhiteElo "2451"]
[BlackElo "2471"]
[Annotator "JvR"]
[PlyCount "101"]
[EventDate "2005.08.19"]
[SourceDate "1999.07.01"]

1. c4 e5 2. Nc3 Nc6 3. Nf3 f5 4. d4 e4 5. Ng5 Bb4 6. Nh3 Nf6 7. Nf4 O-O 8. h4
d6 9. e3 Bxc3+ 10. bxc3 Qe7 11. c5 Nd8 12. cxd6 $5 cxd6 13. Ba3 Ne6 14. Qb3 Kh8
15. Nd5 Nxd5 16. Qxd5 Rd8 17. Be2 Nc7 18. Qb3 b6 19. c4 Be6 20. d5 Bd7 21. h5
h6 22. Qb4 Bc8 23. Bb2 Na6 24. Qd2 Nc5 25. f4 exf3 26. gxf3 f4 $2 27. e4 $2 {
He misses the chance.} (27. Rg1 $1 Qh4+ 28. Kd1 Rg8 29. Qc3 Na4 30. Qxg7+ $1
Rxg7 31. Bxg7+ Kh7 32. Bd4 {wins for White.}) 27... Rf8 28. O-O-O Nd7 29. Rhg1
Ne5 30. Bxe5 Qxe5 31. Qb2 Qxb2+ 32. Kxb2 {
White has the initiative in the endgame.} Rf6 33. Kc3 Bd7 34. Kd4 Re8 35. Rg2
Re7 36. Rh1 Be8 37. Rh4 Kg8 38. Rgg4 Ref7 $6 39. Bd3 Bd7 $2 (39... Re7 40. Rxf4
Rxf4 41. Rxf4 Bxh5 {defends properly.}) 40. Rg6 $1 Kf8 41. Rxf6 Rxf6 $5 42. e5
$1 dxe5+ 43. Kxe5 Be8 44. d6 $5 Bf7 $5 45. Bf5 Bxc4 46. Rxf4 b5 47. a3 Be2 48.
Rd4 Ke8 49. Rg4 Bxf3 50. Rxg7 Rf8 51. Be6 {Black will be mated.} 1-0

[Event "Staunton Memorial 3"]
[Site "London"]
[Date "2005.08.27"]
[Round "8"]
[White "Day, Lawrence"]
[Black "Speelman, Jonathan"]
[Result "0-1"]
[WhiteElo "2270"]
[BlackElo "2549"]
[Annotator "JvR"]
[PlyCount "146"]
[EventDate "2005.08.19"]
[SourceDate "1999.07.01"]

1. Nf3 c5 2. e4 Nc6 3. Bb5 d6 4. O-O Bd7 5. c3 a6 6. Ba4 Nf6 7. Re1 b5 8. Bc2
c4 9. d4 cxd3 10. Qxd3 g6 11. a4 $5 Rb8 12. axb5 axb5 13. Na3 Ng4 $1 14. Nd4
Nge5 15. Qd1 b4 $1 16. Nb1 $6 ({Preferable is} 16. Nxc6 Nxc6 17. Nc4) 16...
bxc3 17. bxc3 Bg7 18. h3 O-O 19. Nd2 Qc7 20. N2b3 Rfc8 21. Ne2 Na7 22. Nbd4 Nb5
23. Nxb5 Bxb5 24. Bd2 Bxe2 25. Rxe2 Nc4 $1 26. Rc1 $2 ({Better is} 26. Be1 Nb2
27. Qd2 Bxc3 28. Qxc3 Qxc3 29. Bxc3 Rxc3 30. Rb1 {
but Black gains a pawn anyway.}) 26... Nxd2 27. Qxd2 Bxc3 {
Speelman has gained a pawn.} 28. Qe3 Be5 29. Rd1 Rb2 30. Bd3 Rb3 31. Red2 Qa5
32. Qe2 Rcc3 33. g3 Kg7 34. Kg2 Ra3 35. Rb1 Qa7 36. Rbd1 Bf6 37. h4 h5 38. Bb1
Rcb3 39. Bc2 Rb2 40. Bd3 Rbb3 41. Bc2 Rb4 42. Rb1 Bc3 43. Rd3 Rxb1 44. Bxb1 Ra1
45. Rd1 Qa3 46. Rf1 Qa5 47. Qc4 Ra4 48. Qe2 Rb4 49. Rc1 Rb2 50. Qc4 Be5 51. Bd3
Rb4 52. Qc2 Bd4 53. Qe2 Qb6 54. Rc2 e6 55. Rc4 Rb3 56. Bc2 Rb2 57. Qd2 e5 58.
Qe2 Qb5 59. Qd3 d5 60. exd5 Qxd5+ 61. f3 Qb5 62. Kh3 Qd7+ 63. Kg2 Ra2 64. Rb4
Qc6 65. Rc4 Qa6 $1 {Black makes progress.} 66. Kf1 Qe6 67. Rc7 ({Or} 67. Kg2
Ra1 68. Rxd4 Qb6 $1) 67... Qh3+ 68. Ke2 Qg2+ 69. Kd1 Ra1+ 70. Bb1 Qg1+ 71. Ke2
Rxb1 72. Rxf7+ Kxf7 73. Qc4+ Kg7 {Speelman and McNab competed for the lead.}
0-1